L'ultima cosa bella sulla faccia della Terra /

সংরক্ষণ করুন:
গ্রন্থ-পঞ্জীর বিবরন
প্রধান লেখক: Bible, Michael (লেখক)
অন্যান্য লেখক: Testa, Martina (অনুবাদক)
বিন্যাস: গ্রন্থ
ভাষা:ইতালিয়
প্রকাশিত: Milano : Adelphi, 2023
মালা:Fabula ; 393
ট্যাগগুলো: ট্যাগ যুক্ত করুন
কোনো ট্যাগ নেই, প্রথমজন হিসাবে ট্যাগ করুন!

MARC

LEADER 00000nam a2200000 i 4500
001 IT\ICCU\TO0\2121622
003 ItRI
005 20260115232106.0
008 230909s2023 it |||||| |||||1|||||c
015 |2 IT  |a 2023-12998 
020 |a 9788845938115 
040 |b ita  |c importazione bologna sebina 
041 7 |a ita  |2 ISO-639-2 
082 |a 813.6  |9 NARRATIVA AMERICANA IN LINGUA INGLESE, 2000-  |2 23 
100 1 |a Bible, Michael  |0 IT\ICCU\TO0V\717390  |4 aut 
240 1 4 |a The ancient hours  |3 IT\ICCU\TO0\2121623  |9 Bible, Michael 
245 1 2 |a L'ultima cosa bella sulla faccia della Terra /  |c Michael Bible ; traduzione di Martina Testa. 
260 |a Milano :  |b Adelphi,  |c 2023 
300 |a 135 p. ;  |c 22 cm 
700 1 |a Testa, Martina  |0 IT\ICCU\LO1V\181995  |4 trl 
830 0 |a Fabula ;  |v 393  |0 IT\ICCU\CFI\0013960 
942 |2 ddc  |c BK  |n 0 
952 |0 0  |1 0  |4 0  |6 DOC_813_600000000000000_BIB  |7 0  |9 19925  |a BO  |b BO  |d 2026-01-15  |i 20360  |l 0  |o DOC 813.6 BIB  |p BO20360  |r 2026-01-15 23:21:06  |w 2026-01-15  |x [Sebina 5] [1 v.]  |y BK  |z 1 v. 
999 |c 16988  |d 16988